[Event "GER-chT School WK 3"]
[Site "Playchess.com INT"]
[Date "2020.06.15"]
[Round "1.4"]
[White "Mueftahi, Tunay"]
[Black "Schwientek, Simon"]
[Result "1-0"]
[WhiteElo "1579"]
[BlackElo "1384"]
[PlyCount "85"]
[EventDate "2020.06.15"]
[EventType "team-swiss (blitz)"]
[EventRounds "5"]
[EventCountry "GER"]
[SourceTitle "EXT 2021"]
[Source "ChessBase"]
[SourceDate "2020.10.23"]
[SourceVersion "1"]
[SourceVersionDate "2020.10.23"]
[SourceQuality "1"]
[WhiteTeam "Gelnhausen"]
[BlackTeam "Muelheim Markgraefler Gymn"]
[WhiteTeamCountry "GER"]
[BlackTeamCountry "GER"]

1. c4 e5 2. Nc3 Nc6 3. g3 Nf6 4. Bg2 Bb4 5. a3 Bxc3 6. bxc3 0-0 7. Bb2 d6 8. e3 Bg4 9. Ne2 d5 10. cxd5 Nxd5 11. h3 Bxe2 12. Qxe2 Nf6 13. 0-0 Qe7 14. Rac1 Rfd8 15. d4 exd4 16. cxd4 Rd7 17. Bxc6 bxc6 18. Rxc6 Rad8 19. Rd1 h6 20. Qf3 Rd6 21. Rxd6 Rxd6 22. Re1 Rb6 23. Qa8+ Kh7 24. Ba1 Rb3 25. Qxa7 Ne4 26. Qa4 Nd2 27. Rd1 Rxa3 28. Qc2+ Ne4 29. f3 f5 30. fxe4 fxe4 31. Qc1 Ra2 32. Rd2 Rxd2 33. Qxd2 Qd6 34. Qf2 c5 35. dxc5 Qxc5 36. Qf4 Qc1+ 37. Qf1 Qxe3+ 38. Qf2 Qc1+ 39. Qf1 Qg5 40. g4 Qh4 41. Qf5+ Kh8 42. Qf8+ Kh7 43. Qxg7# 1-0

[Event "GER-chT School WK 3"]
[Site "Playchess.com INT"]
[Date "2020.06.15"]
[Round "4.4"]
[White "Schwientek, Simon"]
[Black "Sonntag, Jan Hendric"]
[Result "0-1"]
[WhiteElo "1384"]
[BlackElo "1581"]
[PlyCount "30"]
[EventDate "2020.06.15"]
[EventType "team-swiss (blitz)"]
[EventRounds "5"]
[EventCountry "GER"]
[SourceTitle "EXT 2021"]
[Source "ChessBase"]
[SourceDate "2020.10.23"]
[SourceVersion "1"]
[SourceVersionDate "2020.10.23"]
[SourceQuality "1"]
[WhiteTeam "Muelheim Markgraefler Gymn"]
[BlackTeam "Wismar G Hausmann Gymn"]
[WhiteTeamCountry "GER"]
[BlackTeamCountry "GER"]

1. e4 e5 2. Nf3 Nc6 3. Nc3 Bc5 4. Bc4 d6 5. 0-0 Bg4 6. h3 Bh5 7. d3 h6 8. Nd5 Nf6 9. Nxf6+ Qxf6 10. a3 Nd4 11. c3 Nxf3+ 12. gxf3 Bxf3 13. Qc2 Qg6+ 14. Bg5 Qxg5+ 15. Kh2 Qg2# 0-1